| 000 | 00971nam a22002537a 4500 | ||
|---|---|---|---|
| 001 | 06751 | ||
| 003 | HDC | ||
| 007 | cr bn ---aaaaa | ||
| 008 | 210124b20142013sz ||||| |||| 00| 0 eng d | ||
| 040 | _aHDC | ||
| 110 | _aWorld Health Organization | ||
| 245 | 0 |
_aWHO Good Manufacturing Practices: _bMain Principles for Pharmaceutical Products _c/ WHO |
|
| 260 |
_aSwitzerland: _bWHO, _c2014 |
||
| 300 | _a1 online resource (51 pages) | ||
| 336 |
_atext _2rdacontent |
||
| 337 |
_acomputer _2rdamedia |
||
| 338 |
_aonline resource _2rdacarrier |
||
| 500 |
_aOriginally from: Main Principles for Pharmaceutical Products, 2014 (pages 7-57) _aIncludes bibliographical references |
||
| 650 |
_aPharmaceutical industry _xQuality control _96534 |
||
| 856 | _zRequest full-text at [email protected] | ||
| 942 | _2lcc | ||
| 942 | _cCHAP | ||
| 942 | _kEBCH 004291 | ||
| 999 |
_c4075 _d4075 |
||